|
|
|
|
| LEADER |
07038nam a22006257a 4500 |
| 001 |
39155 |
| 003 |
BD-DhAAL |
| 005 |
20250729110321.0 |
| 008 |
220720r20222009ii a b 001 0 eng d |
| 020 |
|
|
|a 9788131723258
|
| 040 |
|
|
|a BD-DhAAL
|c BD-DhAAL
|
| 082 |
0 |
0 |
|a 545
|2 20
|
| 240 |
1 |
0 |
|a Textbook of quantitative chemical analysis
|
| 245 |
1 |
0 |
|a Vogel's textbook of quantitative chemical analysis /
|c Arthur Israel Vogel ... [et al.].
|
| 246 |
|
|
|a Vogel's quantitative chemical analysis
|
| 250 |
|
|
|a Sixth edition.
|
| 260 |
|
|
|a India :
|b Pearson,
|c c2009 [thirty second impression].
|
| 300 |
|
|
|a xxix, 790 pages :
|b illustrations ;
|c 24 cm.
|
| 500 |
|
|
|a Rev. ed. of: Vogel's textbook of quantitative inorganic analysis. 4th ed. 1978.
|
| 500 |
|
|
|a First impression 2009
Sixteenth impression 2022
Twenty ninth impression 2023
Thirty one impression 2024.
|
| 504 |
|
|
|a Includes bibliographical references and index.
|
| 526 |
|
|
|a PHR
|x Dr. Hasina Yasmin,
Assistant Dean and Program Director
Course name : Pharmaceutical Analysis I (PHR 210).
|
| 541 |
|
|
|a Book Finder International
|e 39155, 39156, 39157, 39158, 39159, 43186, 43187, 43188, 43189, 43190, 43378, 43379, 43380, 43381, 43382, 43383, 43384, 43385
3
|
| 650 |
|
0 |
|a Chemistry, Analytic
|x Quantitative.
|9 50008
|
| 650 |
|
0 |
|a Chemistry, Inorganic.
|9 50009
|
| 650 |
|
0 |
|a Pharmacy.
|9 50010
|
| 700 |
|
|
|a Vogel, Arthur Israel.
|9 50016
|
| 700 |
|
|
|a Mendham, John.
|9 50017
|
| 700 |
|
|
|a Denney, R. C.
|9 50012
|
| 700 |
|
|
|a Barnes, J. D.
|9 50013
|
| 700 |
|
|
|a Thomas, M.
|9 50014
|
| 700 |
|
|
|a Sivasankar, B.
|9 50015
|
| 852 |
|
|
|a Ayesha Abed Library
|c General Stacks
|
| 942 |
|
|
|2 ddc
|c BK
|
| 999 |
|
|
|c 44413
|d 44413
|
| 952 |
|
|
|0 0
|1 0
|2 ddc
|4 0
|6 545_000000000000000_VOG
|7 0
|9 71247
|a BRACUL
|b BRACUL
|c GEN
|d 2022-07-18
|e Book Finder International
|g 1250.39
|l 0
|o 545 VOG
|p 3010039156
|r 2022-07-18
|t 2
|v 1250.39
|w 2022-07-18
|y BK
|
| 952 |
|
|
|0 0
|1 0
|2 ddc
|4 0
|6 545_000000000000000_VOG
|7 0
|9 71248
|a BRACUL
|b BRACUL
|c GEN
|d 2022-07-18
|e Book Finder International
|g 1250.39
|l 0
|o 545 VOG
|p 3010039155
|r 2022-07-18
|t 1
|v 1250.39
|w 2022-07-18
|y BK
|
| 952 |
|
|
|0 0
|1 0
|2 ddc
|4 0
|6 545_000000000000000_VOG
|7 0
|9 71249
|a BRACUL
|b BRACUL
|c GEN
|d 2022-07-18
|e Book Finder International
|g 1250.39
|l 0
|o 545 VOG
|p 3010039157
|r 2022-07-18
|t 3
|v 1250.39
|w 2022-07-18
|y BK
|
| 952 |
|
|
|0 0
|1 0
|2 ddc
|4 0
|6 545_000000000000000_VOG
|7 0
|9 71250
|a BRACUL
|b BRACUL
|c GEN
|d 2022-07-18
|e Book Finder International
|g 1250.39
|l 0
|o 545 VOG
|p 3010039158
|r 2022-07-18
|t 4
|v 1250.39
|w 2022-07-18
|y BK
|
| 952 |
|
|
|0 0
|1 0
|2 ddc
|4 0
|6 545_000000000000000_VOG
|7 0
|9 71251
|a BRACUL
|b BRACUL
|c GEN
|d 2022-07-18
|e Book Finder International
|g 1250.39
|l 0
|o 545 VOG
|p 3010039159
|r 2022-07-18
|t 5
|v 1250.39
|w 2022-07-18
|y BK
|
| 952 |
|
|
|0 0
|1 0
|2 ddc
|4 0
|6 545_000000000000000_VOG
|7 0
|9 76362
|a BRACUL
|b BRACUL
|c GEN
|d 2024-09-12
|e Book Finder International
|g 1397.00
|l 0
|o 545 VOG
|p 3010043386
|r 2024-09-12
|t 19
|v 1397.00
|w 2024-09-12
|y BK
|x Requisitioned by Dr. Hasina Yasmin for the course named- "Pharmaceutical Analysis I (PHR 210)".
|
| 952 |
|
|
|0 0
|1 0
|2 ddc
|4 0
|6 545_000000000000000_VOG
|7 0
|9 76363
|a PHR
|b PHR
|d 2024-09-12
|e Book Finder International
|g 1397.00
|l 0
|o 545 VOG
|p 3010043190
|r 2024-09-12
|t 10
|v 1397.00
|w 2024-09-12
|y BK
|x Requisitioned by Dr. Hasina Yasmin for the course named- "Pharmaceutical Analysis I (PHR 210)".
|
| 952 |
|
|
|0 0
|1 0
|2 ddc
|4 0
|6 545_000000000000000_VOG
|7 0
|9 76364
|a BRACUL
|b BRACUL
|c GEN
|d 2024-09-12
|e Book Finder International
|g 1397.00
|l 0
|o 545 VOG
|p 3010043378
|r 2024-09-12
|t 11
|v 1397.00
|w 2024-09-12
|y BK
|x Requisitioned by Dr. Hasina Yasmin for the course named- "Pharmaceutical Analysis I (PHR 210)".
|
| 952 |
|
|
|0 0
|1 0
|2 ddc
|4 0
|6 545_000000000000000_VOG
|7 0
|9 76365
|a BRACUL
|b BRACUL
|c GEN
|d 2024-09-12
|e Book Finder International
|g 1397.00
|l 0
|o 545 VOG
|p 3010043379
|r 2024-09-12
|t 12
|v 1397.00
|w 2024-09-12
|y BK
|x Requisitioned by Dr. Hasina Yasmin for the course named- "Pharmaceutical Analysis I (PHR 210)".
|
| 952 |
|
|
|0 0
|1 0
|2 ddc
|4 0
|6 545_000000000000000_VOG
|7 0
|9 76366
|a BRACUL
|b BRACUL
|c GEN
|d 2024-09-12
|e Book Finder International
|g 1397.00
|l 0
|o 545 VOG
|p 3010043385
|r 2024-09-12
|t 18
|v 1397.00
|w 2024-09-12
|y BK
|x Requisitioned by Dr. Hasina Yasmin for the course named- "Pharmaceutical Analysis I (PHR 210)".
|
| 952 |
|
|
|0 0
|1 0
|2 ddc
|4 0
|6 545_000000000000000_VOG
|7 0
|9 76367
|a PHR
|b PHR
|d 2024-09-12
|e Book Finder International
|g 1397.00
|l 0
|o 545 VOG
|p 3010043188
|r 2024-09-12
|t 8
|v 1397.00
|w 2024-09-12
|y BK
|x Requisitioned by Dr. Hasina Yasmin for the course named- "Pharmaceutical Analysis I (PHR 210)".
|
| 952 |
|
|
|0 0
|1 0
|2 ddc
|4 0
|6 545_000000000000000_VOG
|7 0
|9 76368
|a PHR
|b PHR
|d 2024-09-12
|e Book Finder International
|g 1397.00
|l 0
|o 545 VOG
|p 3010043189
|r 2024-09-12
|t 9
|v 1397.00
|w 2024-09-12
|y BK
|x Requisitioned by Dr. Hasina Yasmin for the course named- "Pharmaceutical Analysis I (PHR 210)".
|
| 952 |
|
|
|0 0
|1 0
|2 ddc
|4 0
|6 545_000000000000000_VOG
|7 0
|9 76369
|a BRACUL
|b BRACUL
|c GEN
|d 2024-09-12
|e Book Finder International
|g 1397.00
|l 0
|o 545 VOG
|p 3010043387
|r 2024-09-12
|t 20
|v 1397.00
|w 2024-09-12
|y BK
|x Requisitioned by Dr. Hasina Yasmin for the course named- "Pharmaceutical Analysis I (PHR 210)"
|
| 952 |
|
|
|0 0
|1 0
|2 ddc
|4 0
|6 545_000000000000000_VOG
|7 0
|9 76370
|a BRACUL
|b BRACUL
|c GEN
|d 2024-09-12
|e Book Finder International
|g 1397.00
|l 1
|m 3
|o 545 VOG
|p 3010043383
|r 2025-11-02
|s 2025-09-23
|t 16
|v 1397.00
|w 2024-09-12
|y BK
|x Requisitioned by Dr. Hasina Yasmin for the course named- "Pharmaceutical Analysis I (PHR 210)".
|
| 952 |
|
|
|0 0
|1 0
|2 ddc
|4 0
|6 545_000000000000000_VOG
|7 0
|9 76371
|a BRACUL
|b BRACUL
|c GEN
|d 2024-09-12
|e Book Finder International
|g 1397.00
|l 0
|o 545 VOG
|p 3010043384
|r 2024-09-12
|t 17
|v 1397.00
|w 2024-09-12
|y BK
|x Requisitioned by Dr. Hasina Yasmin for the course named- "Pharmaceutical Analysis I (PHR 210)".
|
| 952 |
|
|
|0 0
|1 0
|2 ddc
|4 0
|6 545_000000000000000_VOG
|7 0
|9 76529
|a BRACUL
|b BRACUL
|c GEN
|d 2024-09-17
|e Book Finder International
|g 1397.00
|l 0
|o 545 VOG
|p 3010043382
|r 2024-09-17
|t 15
|v 1397.00
|w 2024-09-17
|y BK
|x Requisitioned by Dr. Hasina Yasmin for the course named- "Pharmaceutical Analysis I (PHR 210)".
|
| 952 |
|
|
|0 0
|1 0
|2 ddc
|4 0
|6 545_000000000000000_VOG
|7 0
|9 76530
|a BRACUL
|b BRACUL
|c GEN
|d 2024-09-17
|e Book Finder International
|g 1397.00
|l 0
|o 545 VOG
|p 3010043381
|r 2024-09-17
|t 14
|v 1397.00
|w 2024-09-17
|y BK
|x Requisitioned by Dr. Hasina Yasmin for the course named- "Pharmaceutical Analysis I (PHR 210)".
|
| 952 |
|
|
|0 0
|1 0
|2 ddc
|4 0
|6 545_000000000000000_VOG
|7 0
|9 76531
|a BRACUL
|b BRACUL
|c GEN
|d 2024-09-17
|e Book Finder International
|g 1397.00
|l 0
|o 545 VOG
|p 3010043380
|r 2024-09-17
|t 13
|v 1397.00
|w 2024-09-17
|y BK
|x Requisitioned by Dr. Hasina Yasmin for the course named- "Pharmaceutical Analysis I (PHR 210)".
|
| 952 |
|
|
|0 0
|1 0
|2 ddc
|4 0
|6 545_000000000000000_VOG
|7 0
|9 76532
|a PHR
|b PHR
|d 2024-09-17
|e Book Finder International
|g 1397.00
|l 0
|o 545 VOG
|p 3010043187
|r 2024-09-17
|t 7
|v 1397.00
|w 2024-09-17
|y BK
|x Requisitioned by Dr. Hasina Yasmin for the course named- "Pharmaceutical Analysis I (PHR 210)".
|
| 952 |
|
|
|0 0
|1 0
|2 ddc
|4 0
|6 545_000000000000000_VOG
|7 0
|9 76533
|a PHR
|b PHR
|d 2024-09-17
|e Book Finder International
|g 1397.00
|l 0
|o 545 VOG
|p 3010043186
|r 2024-09-17
|t 6
|v 1397.00
|w 2024-09-17
|y BK
|x Requisitioned by Dr. Hasina Yasmin for the course named- "Pharmaceutical Analysis I (PHR 210)".
|